000 00314nam a22001217a 4500
020 _a922101519X
082 _a368.44SOC.
245 _aSocial security for the unemployed.
260 _aGeneva.
_bInternational labour office.
_c1976.
300 _aviii, 70p.
_b23cm.
500 _aIncludes bibliography.
942 _cBK
999 _c14810
_d14810